NFL Top 100: Most Top 10's Quiz Stats

Quiz Updated Oct 22, 2017

Challenge
Share
Tweet
Embed
Score 0/14 Timer 06:00
52 Plays Today
# of Top 10's Player % Correct
7Tom Brady
99.3%
4Peyton Manning
98%
5Aaron Rodgers
97.6%
3Drew Brees
96.9%
5Adrian Peterson
95.9%
3J.J. Watt
95.1%
2Julio Jones
93.7%
# of Top 10's Player % Correct
2Rob Gronkowski
93.4%
4Calvin Johnson
92.8%
3Antonio Brown
92.7%
2Odell Beckham Jr.
92%
2Von Miller
85.8%
2Darrelle Revis
83%
2Patrick Willis
58.2%

You're not logged in!

Compare scores with friends on all Sporcle quizzes.
Sign Up with Email
OR
Log In

You Might Also Like...

Show Comments

Extras

Top Quizzes Today


Score Distribution

Your Account Isn't Verified!

In order to create a playlist on Sporcle, you need to verify the email address you used during registration. Go to your Sporcle Settings to finish the process.